| 000 | 01389nam0a22003491 4500 | ||
|---|---|---|---|
| 001 | v19\rc\1920389 | ||
| 005 | 20251118180820.5 | ||
| 035 | _a(NLR Aleph) 005024711 | ||
| 090 |
_a6626806 _c6626806 |
||
| 100 | _a20080404d1915 |||y0rusy50 ca | ||
| 101 | 1 |
_arus _cukr |
|
| 102 | _aRU | ||
| 105 | _ac z |||a| | ||
| 200 | 1 |
_aКто работает, тот и имеет _eРассказ про Джемса Гарфильда _fБ. Гринченко _gПер. с малорос. Н. Васина |
|
| 205 | _a2-е изд. | ||
| 210 |
_aМосква _cизд. кн. скл. М.В. Клюкина _d1915 |
||
| 215 |
_a48 с. _cпортр. _d19 |
||
| 225 | 1 |
_aДобрые души _iЧтение для детей и для народа |
|
| 700 | 1 |
_aГринченко _bБ. Д. _cписатель _f1863-1910 _gБорис Дмитриевич _3RU\NLR\AUTH\7771733 _7ca |
|
| 702 | 1 |
_aВасин _bН. А. _f-1933 _gНиколай Акимович _4730 |
|
| 702 | 1 |
_6z01790 _aГарфилд _bД. А. _f1831-1881 _gДжеймс Абрам _4570 |
|
| 790 | 1 |
_6z01702 _aГарфильд _bД. _f1831-1881 _gДжемс |
|
| 801 | 0 |
_aRU _bNLR _gpsbo |
|
| 801 | 0 |
_aRU _bRuMoRGB _2psbo |
|
| 801 | 1 |
_aRU _bProSoft-M _2rusmarc |
|
| 801 | 2 |
_aRU _bNLR _c20130712 _2rusmarc |
|
| 852 |
_aNLR _j79-4/8650 |
||
| 899 |
_aRuMoRGB _jV 115/2754 |
||
| 899 |
_aRuMoRGB _jU 213/3114 |
||
| 899 | _aБАН | ||
| 942 | _cBOOK | ||
| 980 | _aNB | ||